[Event "GER-chT Federal Cup (Women)"]
[Site "Braunfels"]
[Date "2022.06.18"]
[Round "4.14"]
[White "Timofeeva, Galina"]
[Black "Lowke, Kathrin"]
[Result "1/2-1/2"]
[WhiteElo "1979"]
[BlackElo "1850"]
[PlyCount "60"]
[EventDate "2022.06.15"]
[EventType "team-swiss"]
[EventRounds "5"]
[EventCountry "GER"]
[SourceTitle "EXT 2023"]
[Source "ChessBase"]
[SourceDate "2022.10.05"]
[SourceVersion "1"]
[SourceVersionDate "2022.10.05"]
[SourceQuality "1"]

1. e4 c5 2. Nf3 Nc6 3. d3 d6 4. g3 g6 5. Bg2 Bg7 6. 0-0 Nf6 7. Nbd2 0-0 8. a4 Qc7 9. Nc4 Ng4 10. h3 Nge5 11. Nfxe5 Nxe5 12. Ne3 e6 13. f4 Nc6 14. f5 Bd4 15. fxg6 fxg6 16. Rxf8+ Kxf8 17. c3 Bg7 18. Qe2 Qe7 19. Bd2 Bd7 20. Ng4 Kg8 21. h4 Rf8 22. Bg5 Qe8 23. Bh6 e5 24. Bg5 Nd8 25. a5 Ne6 26. Bd2 Qc8 27. Ne3 Nc7 28. Nc4 Ne8 29. Bg5 Bf6 30. Be3 Bg4 1/2-1/2

[Event "GER-chT Federal Cup (Women)"]
[Site "Braunfels"]
[Date "2022.06.17"]
[Round "2.14"]
[White "Timofeeva, Galina"]
[Black "Spiel, Marianne"]
[Result "1-0"]
[WhiteElo "1979"]
[BlackElo "1910"]
[PlyCount "74"]
[EventDate "2022.06.15"]
[EventType "team-swiss"]
[EventRounds "5"]
[EventCountry "GER"]
[SourceTitle "EXT 2023"]
[Source "ChessBase"]
[SourceDate "2022.10.05"]
[SourceVersion "1"]
[SourceVersionDate "2022.10.05"]
[SourceQuality "1"]

1. e4 e6 2. d3 d5 3. Nd2 c5 4. Ngf3 Nc6 5. g3 Nf6 6. Bg2 Be7 7. 0-0 dxe4 8. dxe4 e5 9. c3 0-0 10. Qc2 Qc7 11. Nc4 h6 12. Ne3 Rd8 13. Nd5 Nxd5 14. exd5 Rxd5 15. Ng5 Bxg5 16. Bxd5 Bh3 17. Re1 Rd8 18. Be4 Bxc1 19. Raxc1 Ne7 20. Rcd1 Rxd1 21. Rxd1 b6 22. Qa4 g6 23. Qe8+ Kg7 24. Rd8 Kf6 25. Rd3 Kg7 26. Bg2 Bf5 27. Rd8 Kf6 28. Qh8+ Ke6 29. c4 e4 30. g4 Bxg4 31. Bxe4 Be2 32. Bd5+ Nxd5 33. cxd5+ Kf5 34. Re8 Bc4 35. Qxh6 Bxd5 36. Qh3+ Kf6 37. b3 Be6 1-0

[Event "BL2 Sued 2122 (Women)"]
[Site "Germany"]
[Date "2021.11.27"]
[Round "1.1"]
[White "Schmidt, Jessica"]
[Black "Timofeeva, Galina"]
[Result "1-0"]
[WhiteElo "2227"]
[BlackElo "1993"]
[PlyCount "49"]
[EventDate "2021.11.27"]
[EventType "team-tourn"]
[EventRounds "7"]
[EventCountry "GER"]
[SourceTitle "EXT 2023"]
[Source "ChessBase"]
[SourceDate "2022.10.05"]
[SourceVersion "1"]
[SourceVersionDate "2022.10.05"]
[SourceQuality "1"]
[WhiteTeam "Karlsruhe (W)"]
[BlackTeam "Stuttgart Wolfbusch (W)"]
[WhiteTeamCountry "GER"]
[BlackTeamCountry "GER"]

1. d4 Nf6 2. Nf3 d6 3. c4 g6 4. Nc3 Bg7 5. e4 0-0 6. Be2 e5 7. 0-0 Nc6 8. d5 Ne7 9. b4 Ne8 10. c5 f5 11. Ng5 h6 12. Ne6 Bxe6 13. dxe6 fxe4 14. Nxe4 d5 15. Ng3 Qc8 16. Bg4 Nf6 17. Bh3 c6 18. Bb2 Qc7 19. Qd2 Nh7 20. Rae1 Ng5 21. Bg4 Rf4 22. h3 h5 23. Bxh5 gxh5 24. Nxh5 Nxe6 25. Nxg7 1-0

[Event "GER-chT Federal Cup (Women)"]
[Site "Braunfels"]
[Date "2021.10.24"]
[Round "5.20"]
[White "Timofeeva, Galina"]
[Black "Falke, Ornella"]
[Result "0-1"]
[WhiteElo "2027"]
[BlackElo "1655"]
[PlyCount "66"]
[EventDate "2021.10.19"]
[EventType "team-tourn"]
[EventRounds "5"]
[EventCountry "GER"]
[SourceTitle "CBM 204 Extra"]
[Source "ChessBase"]
[SourceDate "2021.11.30"]
[SourceVersion "1"]
[SourceVersionDate "2021.11.30"]
[SourceQuality "1"]

1. e4 d6 2. Nf3 c5 3. d3 g6 4. d4 cxd4 5. Qxd4 e5 6. Qa4+ Nc6 7. Nc3 Bd7 8. Bb5 a6 9. Bxc6 bxc6 10. Qc4 Be7 11. h3 h6 12. Be3 Nf6 13. 0-0-0 Qc7 14. g4 Be6 15. Nd5 Qb7 16. Nxf6+ Bxf6 17. Qa4 Rb8 18. b3 Be7 19. Rd3 Kf8 20. Nd2 d5 21. f4 f6 22. f5 Bd7 23. fxg6 Bb4 24. c3 c5 25. Bxc5+ Bxc5 26. Qa5 Bb5 27. Rxd5 Qe7 28. b4 Bb6 29. Qa3 Kg7 30. c4 Bc6 31. Rd3 Rhc8 32. c5 Bb5 33. Rd6 Qxd6 0-1

[Event "GER-chT Federal Cup (Women)"]
[Site "Braunfels"]
[Date "2021.10.22"]
[Round "3.20"]
[White "Timofeeva, Galina"]
[Black "Bazzazi, Elnaz"]
[Result "1-0"]
[WhiteElo "2027"]
[BlackElo "1733"]
[PlyCount "63"]
[EventDate "2021.10.19"]
[EventType "team-tourn"]
[EventRounds "5"]
[EventCountry "GER"]
[SourceTitle "CBM 204 Extra"]
[Source "ChessBase"]
[SourceDate "2021.11.30"]
[SourceVersion "1"]
[SourceVersionDate "2021.11.30"]
[SourceQuality "1"]

1. e4 e5 2. Nf3 Nc6 3. d4 exd4 4. Bc4 Bc5 5. Ng5 d5 6. Bxd5 Nh6 7. Nxf7 Nxf7 8. Bxf7+ Kf8 9. Bd5 Nb4 10. Bb3 Qh4 11. Qf3+ Ke8 12. Qf7+ Kd8 13. 0-0 Bd6 14. g3 Qxe4 15. Bg5+ Be7 16. Nd2 Qe5 17. Nf3 Qc5 18. Qxg7 Re8 19. Rad1 Bh3 20. Bxe7+ Qxe7 21. Qxd4+ Kc8 22. Rfe1 Qf8 23. Rxe8+ Qxe8 24. Qxb4 a5 25. Qh4 Bd7 26. Qxh7 Bg4 27. Re1 Qf8 28. Qg6 Bd7 29. Ne5 Ra6 30. Nxd7 Kxd7 31. Be6+ Kd8 32. Qg5+ 1-0

[Event "BL2 Sued 1920 (Women)"]
[Site "Germany"]
[Date "2020.02.16"]
[Round "7.2"]
[White "Wagner, Margarethe"]
[Black "Timofeeva, Galina"]
[Result "1-0"]
[WhiteElo "1749"]
[BlackElo "2050"]
[PlyCount "105"]
[EventDate "2019.09.14"]
[EventType "team-tourn"]
[EventRounds "7"]
[EventCountry "GER"]
[SourceTitle "EXT 2021"]
[Source "ChessBase"]
[SourceDate "2020.10.23"]
[SourceVersion "1"]
[SourceVersionDate "2020.10.23"]
[SourceQuality "1"]
[WhiteTeam "Zeulenroda Rochade (W)"]
[BlackTeam "Stuttgart Wolfbusch (W)"]
[WhiteTeamCountry "GER"]
[BlackTeamCountry "GER"]

1. e4 c5 2. Nf3 e6 3. d4 cxd4 4. Nxd4 a6 5. Bd3 Nf6 6. c4 e5 7. Nb3 d6 8. 0-0 Nc6 9. a3 Be7 10. Kh1 0-0 11. f3 Nh5 12. Be3 Bg5 13. Bf2 Nf4 14. Nc3 Qf6 15. Re1 Ne7 16. Bf1 Qh6 17. Ne2 Nxe2 18. Qxe2 Ng6 19. Nc1 Nf4 20. Qd1 Be7 21. Ne2 Nxe2 22. Qxe2 Be6 23. Rad1 Rac8 24. b3 Rfd8 25. Qe3 g5 26. Bd3 Qg6 27. g4 h5 28. h3 Kg7 29. Kg2 Bd7 30. Qb6 Bc6 31. b4 hxg4 32. hxg4 Ba4 33. Rc1 Rb8 34. b5 axb5 35. cxb5 Rh8 36. Qc7 Qf6 37. Rh1 Rbc8 38. Qxc8 Rxc8 39. Rxc8 Bf8 40. Bc4 d5 41. Bxd5 Bxb5 42. Rc7 Be8 43. a4 b6 44. Rb1 Bd6 45. Rxb6 Bxc7 46. Rxf6 Kxf6 47. Bb3 Ke7 48. Bc5+ Bd6 49. Bb6 f6 50. Kf2 Bb4 51. Ke2 Bc6 52. Kd3 Bb7 53. Bc4 1-0

[Event "BL2 Sued 1819 (Women)"]
[Site "Germany"]
[Date "2018.11.17"]
[Round "3.1"]
[White "Woniak, Katarzyna"]
[Black "Timofeeva, Galina"]
[Result "0-1"]
[WhiteElo "1944"]
[BlackElo "2032"]
[PlyCount "68"]
[EventDate "2018.10.27"]
[EventType "team-tourn"]
[EventRounds "7"]
[EventCountry "GER"]
[SourceTitle "CBM 190 Extra"]
[Source "ChessBase"]
[SourceDate "2019.07.15"]
[SourceVersion "1"]
[SourceVersionDate "2019.07.15"]
[SourceQuality "1"]
[WhiteTeam "Augsburg (W)"]
[BlackTeam "Stuttgart Wolfbusch (W)"]
[WhiteTeamCountry "GER"]
[BlackTeamCountry "GER"]

1. g3 c5 2. Bg2 d5 3. Nf3 Nf6 4. d4 e6 5. 0-0 Be7 6. dxc5 Bxc5 7. c4 0-0 8. cxd5 Nxd5 9. Qc2 Qc7 10. Nc3 Bb4 11. Bd2 Nxc3 12. bxc3 Be7 13. Ng5 g6 14. Rab1 Nc6 15. Qe4 h6 16. Nf3 Kg7 17. h4 e5 18. Qe3 Rh8 19. Rb5 f6 20. Rfb1 Na5 21. Qd3 a6 22. R5b2 Rd8 23. Qc2 Nc4 24. h5 Bf5 25. e4 Nxb2 26. exf5 Nc4 27. Rc1 g5 28. Be3 Rac8 29. Kh2 b5 30. a4 Ba3 31. Re1 Nb2 32. axb5 axb5 33. Ra1 Qxc3 34. Qe2 Nc4 0-1

[Event "BL2 Sued 1819 (Women)"]
[Site "Germany"]
[Date "2018.10.28"]
[Round "2.1"]
[White "Timofeeva, Galina"]
[Black "Worek, Joanna"]
[Result "0-1"]
[WhiteElo "2026"]
[BlackElo "2270"]
[PlyCount "68"]
[EventDate "2018.10.27"]
[EventType "team-tourn"]
[EventRounds "7"]
[EventCountry "GER"]
[SourceTitle "CBM 190 Extra"]
[Source "ChessBase"]
[SourceDate "2019.07.15"]
[SourceVersion "1"]
[SourceVersionDate "2019.07.15"]
[SourceQuality "1"]
[WhiteTeam "Stuttgart Wolfbusch (W)"]
[BlackTeam "Mainz Schott (W)"]
[WhiteTeamCountry "GER"]
[BlackTeamCountry "GER"]

1. e4 c5 2. Nf3 Nc6 3. d3 d5 4. Nbd2 Nf6 5. exd5 Nxd5 6. g3 Bg4 7. Bg2 e6 8. 0-0 Be7 9. Nc4 Bh5 10. Qd2 Qc7 11. Re1 Bf6 12. Ng5 0-0 13. Ne4 Be7 14. c3 h6 15. Qc2 Rad8 16. Ne3 f5 17. Nxd5 exd5 18. Nd2 f4 19. Nf1 fxg3 20. Nxg3 Bg6 21. Qe2 Bf6 22. Qg4 Kh7 23. Nh5 Be5 24. Ng3 Bxd3 25. Rd1 Bxg3 26. hxg3 Bc2 27. Re1 Qf7 28. Qe2 Qg6 29. Bf4 d4 30. Qe6 Rf6 31. Qe2 Bf5 32. Qc4 b6 33. Rad1 Kh8 34. Bxc6 Rxc6 0-1

[Event "BL2 Sued 1819 (Women)"]
[Site "Germany"]
[Date "2018.10.27"]
[Round "1.1"]
[White "Afraoui, Anaelle"]
[Black "Timofeeva, Galina"]
[Result "0-1"]
[WhiteElo "2028"]
[BlackElo "2026"]
[PlyCount "112"]
[EventDate "2018.10.27"]
[EventType "team-tourn"]
[EventRounds "7"]
[EventCountry "GER"]
[SourceTitle "CBM 190 Extra"]
[Source "ChessBase"]
[SourceDate "2019.07.15"]
[SourceVersion "1"]
[SourceVersionDate "2019.07.15"]
[SourceQuality "1"]
[WhiteTeam "Langen (W)"]
[BlackTeam "Stuttgart Wolfbusch (W)"]
[WhiteTeamCountry "GER"]
[BlackTeamCountry "GER"]

1. e4 c5 2. Nf3 e6 3. d4 cxd4 4. Nxd4 a6 5. Bd3 Nf6 6. 0-0 e5 7. Ne2 Be7 8. a4 d5 9. exd5 Nxd5 10. Nec3 Nb4 11. Na3 Nxd3 12. Qxd3 Qxd3 13. cxd3 Be6 14. Nc4 Nc6 15. Be3 0-0 16. Bb6 Rac8 17. Ne4 Nb4 18. Nxe5 f6 19. Nf3 Nxd3 20. Nd4 Bf7 21. Nf5 Bb4 22. a5 Bg6 23. Ned6 Bxf5 24. Nxf5 Bc5 25. Rad1 Nxb2 26. Rd7 Rf7 27. Rxf7 Kxf7 28. Rb1 Ba3 29. g3 Nc4 30. Rd1 Nxb6 31. axb6 Rc6 32. g4 g6 33. Ne3 Rc1 34. Rxc1 Bxc1 35. Nd5 Ba3 36. Kf1 Bc5 37. Ke2 Ke6 38. Nc7+ Kd6 39. Ne8+ Ke7 40. Nc7 Kd6 41. Ne8+ Ke5 42. f4+ Kxf4 43. Nxf6 Bd4 44. Nxh7 Kxg4 45. Nf8 g5 46. Nd7 Kh3 47. Kd3 Bg1 48. Ke4 g4 49. Kf5 Bxh2 50. Nc5 Bg1 51. Nxb7 Bxb6 52. Nd6 g3 53. Ne4 g2 54. Ng5+ Kg3 55. Ne4+ Kf3 56. Ng5+ Kf2 0-1

[Event "GER-chT Federal Cup (Women)"]
[Site "Braunfels"]
[Date "2018.06.03"]
[Round "5.5"]
[White "Timofeeva, Galina"]
[Black "Stangl, Anita"]
[Result "1-0"]
[WhiteElo "2024"]
[BlackElo "2039"]
[PlyCount "53"]
[EventDate "2018.05.31"]
[EventType "team-swiss"]
[EventRounds "5"]
[EventCountry "GER"]
[SourceTitle "EXT 2020"]
[Source "ChessBase"]
[SourceDate "2019.10.17"]
[SourceVersion "1"]
[SourceVersionDate "2019.10.17"]
[SourceQuality "1"]
[WhiteTeam "Wuerttemberg (W)"]
[BlackTeam "Bayern (W)"]
[WhiteTeamCountry "GER"]
[BlackTeamCountry "GER"]

1. e4 e6 2. d3 d5 3. Nd2 Nf6 4. Ngf3 Be7 5. g3 b6 6. exd5 exd5 7. Bg2 Bb7 8. 0-0 d4 9. Re1 0-0 10. Nxd4 Bxg2 11. Kxg2 Bc5 12. N4b3 Bd6 13. Qf3 Nbd7 14. Nc4 Nc5 15. Nd4 Qd7 16. Bg5 Be7 17. Nf5 Ne6 18. Nxe7+ Qxe7 19. Bxf6 gxf6 20. Re4 Qd8 21. Rh4 Re8 22. Re1 Nf4+ 23. Qxf4 Rxe1 24. Qf5 c6 25. Qxh7+ Kf8 26. Ne3 Rc8 27. Re4 1-0

[Event "BL2 Sued 1718 (Women)"]
[Site "Germany"]
[Date "2018.02.18"]
[Round "7.1"]
[White "Exler, Veronika"]
[Black "Timofeeva, Galina"]
[Result "1/2-1/2"]
[WhiteElo "2124"]
[BlackElo "2017"]
[PlyCount "86"]
[EventDate "2017.10.14"]
[EventType "team-tourn"]
[EventRounds "7"]
[EventCountry "GER"]
[SourceTitle "EXT 2019"]
[Source "ChessBase"]
[SourceDate "2018.10.10"]
[SourceVersion "1"]
[SourceVersionDate "2018.10.10"]
[SourceQuality "1"]
[WhiteTeam "Muenchen Bayern (W)"]
[BlackTeam "Stuttgart Wolfbusch (W)"]
[WhiteTeamCountry "GER"]
[BlackTeamCountry "GER"]

1. d4 Nf6 2. Nf3 c5 3. e3 e6 4. Bd3 d5 5. b3 Be7 6. 0-0 0-0 7. Bb2 b6 8. Nbd2 Bb7 9. Ne5 Nbd7 10. Qf3 Qc7 11. Qh3 Ne4 12. f3 Ng5 13. Qg3 f6 14. Nxd7 Qxd7 15. Rad1 Qd6 16. Qf2 e5 17. f4 exf4 18. exf4 Ne4 19. Nxe4 dxe4 20. Bc4+ Kh8 21. f5 cxd4 22. Bxd4 Qc7 23. Qh4 Rad8 24. c3 Bc5 25. Qf4 Bd6 26. Qh4 Be5 27. Rfe1 a6 28. a4 Bxd4+ 29. cxd4 b5 30. axb5 axb5 31. Be6 Qc3 32. Qf2 Bd5 33. Qe3 Qc6 34. Bxd5 Qxd5 35. Qxe4 Qxb3 36. d5 h6 37. d6 Qa3 38. d7 Qa7+ 39. Qe3 Rxd7 40. Rb1 Qxe3+ 41. Rxe3 Rb7 42. Reb3 Rfb8 43. Rb4 Kg8 1/2-1/2

[Event "BL2 Sued 1718 (Women)"]
[Site "Germany"]
[Date "2018.02.17"]
[Round "6.1"]
[White "Timofeeva, Galina"]
[Black "Gamisch, Laura"]
[Result "1-0"]
[WhiteElo "2017"]
[BlackElo "1872"]
[PlyCount "115"]
[EventDate "2017.10.14"]
[EventType "team-tourn"]
[EventRounds "7"]
[EventCountry "GER"]
[SourceTitle "EXT 2019"]
[Source "ChessBase"]
[SourceDate "2018.10.10"]
[SourceVersion "1"]
[SourceVersionDate "2018.10.10"]
[SourceQuality "1"]
[WhiteTeam "Stuttgart Wolfbusch (W)"]
[BlackTeam "Forstenried (W)"]
[WhiteTeamCountry "GER"]
[BlackTeamCountry "GER"]

1. e4 c5 2. Nf3 e6 3. d3 Nc6 4. g3 d5 5. Nbd2 Nf6 6. Bg2 Qc7 7. 0-0 dxe4 8. dxe4 e5 9. c3 Be7 10. Qc2 0-0 11. Nc4 Nh5 12. Ne3 b6 13. Nd5 Qb7 14. Re1 Bg4 15. h3 Be6 16. g4 Nf6 17. Nxe7+ Qxe7 18. Bg5 Rfd8 19. Bf1 a6 20. Rad1 b5 21. b3 Rxd1 22. Rxd1 Rd8 23. Rxd8+ Qxd8 24. a4 Qb8 25. axb5 axb5 26. Nd2 b4 27. c4 Nd4 28. Qa2 Qb7 29. Bg2 h6 30. Be3 Qd7 31. Nf3 Qd6 32. Nxd4 exd4 33. Bc1 d3 34. Qb2 Nd7 35. Qd2 Qd4 36. Bb2 Qd6 37. Bf1 h5 38. gxh5 Ne5 39. Bxe5 Qxe5 40. Qxd3 Qxh5 41. Qg3 Qd1 42. Kg2 Qc2 43. Qd3 Qb2 44. Be2 f6 45. Bg4 Bf7 46. Bf5 g5 47. Qg3 Kf8 48. Bd7 Qd4 49. Bc6 Qc3 50. Ba4 Qd4 51. Bc6 Qc3 52. Bd5 Bh5 53. Qd6+ Kg7 54. Qe7+ Kh8 55. Qf8+ Kh7 56. Bg8+ Kg6 57. Qf7+ Kh6 58. Qh7# 1-0

[Event "BL2 Sued 1718 (Women)"]
[Site "Germany"]
[Date "2018.01.28"]
[Round "5.1"]
[White "Timofeeva, Galina"]
[Black "Ries, Jutta"]
[Result "1/2-1/2"]
[WhiteElo "2017"]
[BlackElo "2051"]
[PlyCount "49"]
[EventDate "2017.10.14"]
[EventType "team-tourn"]
[EventRounds "7"]
[EventCountry "GER"]
[SourceTitle "EXT 2019"]
[Source "ChessBase"]
[SourceDate "2018.10.10"]
[SourceVersion "1"]
[SourceVersionDate "2018.10.10"]
[SourceQuality "1"]
[WhiteTeam "Stuttgart Wolfbusch (W)"]
[BlackTeam "Gernsheim (W)"]
[WhiteTeamCountry "GER"]
[BlackTeamCountry "GER"]

1. e4 Nf6 2. e5 Nd5 3. d4 d6 4. c4 Nb6 5. exd6 exd6 6. Nc3 Be7 7. h3 Bf5 8. Bd3 Bxd3 9. Qxd3 0-0 10. Nf3 Re8 11. 0-0 Nc6 12. b3 d5 13. c5 Nc8 14. Qf5 Nb4 15. a3 g6 16. Qb1 Nc6 17. Bf4 a6 18. Qd3 Bf6 19. Rfe1 N8e7 20. Ne5 Nf5 21. Nxc6 bxc6 22. Rxe8+ Qxe8 23. Ne2 Qe7 24. Rd1 a5 25. Bd2 1/2-1/2

[Event "BL2 Sued 1718 (Women)"]
[Site "Germany"]
[Date "2017.10.15"]
[Round "2.1"]
[White "Timofeeva, Galina"]
[Black "Worek, Joanna"]
[Result "0-1"]
[WhiteElo "2017"]
[BlackElo "2299"]
[PlyCount "20"]
[EventDate "2017.10.14"]
[EventType "team-tourn"]
[EventRounds "7"]
[EventCountry "GER"]
[SourceTitle "EXT 2019"]
[Source "ChessBase"]
[SourceDate "2018.10.10"]
[SourceVersion "1"]
[SourceVersionDate "2018.10.10"]
[SourceQuality "1"]
[WhiteTeam "Stuttgart Wolfbusch (W)"]
[BlackTeam "Mainz Schott (W)"]
[WhiteTeamCountry "GER"]
[BlackTeamCountry "GER"]

1. e4 c5 2. Nf3 e6 3. d3 d5 4. Nbd2 Nc6 5. g3 Nf6 6. Bg2 Be7 7. 0-0 Qc7 8. Re1 b6 9. Nf1 dxe4 10. dxe4 Bb7 0-1

[Event "Serpukhov-I"]
[Site "Serpukhov"]
[Date "2003.??.??"]
[Round "3"]
[White "Mozaliov, Sergey V"]
[Black "Timofeeva, Galina"]
[Result "1-0"]
[WhiteElo "2386"]
[BlackElo "2116"]
[PlyCount "35"]
[EventDate "2003.??.??"]
[EventType "tourn"]
[EventRounds "13"]
[EventCountry "RUS"]
[SourceTitle "EXT 2005"]
[Source "ChessBase"]
[SourceDate "2004.11.15"]
[SourceVersion "1"]
[SourceVersionDate "2004.11.15"]
[SourceQuality "1"]

1. e4 c5 2. Nf3 e6 3. d4 cxd4 4. Nxd4 a6 5. Bd3 Nc6 6. Nxc6 bxc6 7. 0-0 Qc7 8. Qe2 d5 9. Nc3 Ne7 10. f4 g6 11. f5 d4 12. Nb1 e5 13. Bg5 gxf5 14. Bf6 Rg8 15. exf5 Bh6 16. Bxe5 Qd7 17. Bf4 Bxf4 18. Rxf4 1-0

[Event "Serpukhov-I"]
[Site "Serpukhov"]
[Date "2003.??.??"]
[Round "2"]
[White "Timofeeva, Galina"]
[Black "Mirovshchikov, Sergey"]
[Result "0-1"]
[WhiteElo "2116"]
[BlackElo "2395"]
[PlyCount "84"]
[EventDate "2003.??.??"]
[EventType "tourn"]
[EventRounds "13"]
[EventCountry "RUS"]
[SourceTitle "EXT 2005"]
[Source "ChessBase"]
[SourceDate "2004.11.15"]
[SourceVersion "1"]
[SourceVersionDate "2004.11.15"]
[SourceQuality "1"]

1. e4 c5 2. Nf3 e6 3. d3 Nf6 4. g3 d5 5. e5 Nfd7 6. Bg2 Nc6 7. Bf4 Be7 8. h4 h6 9. Nc3 b5 10. Qe2 a6 11. h5 b4 12. Nd1 a5 13. 0-0 Ba6 14. Re1 Rc8 15. c4 Nb6 16. b3 a4 17. Ne3 Qd7 18. Nh2 Rg8 19. Qg4 dxc4 20. dxc4 Kf8 21. Rad1 Qe8 22. Nc2 Na5 23. Rd3 Rd8 24. Red1 Rxd3 25. Rxd3 Naxc4 26. bxc4 Bxc4 27. Rd2 Bxa2 28. Nxb4 cxb4 29. Rxa2 b3 30. Rb2 a3 31. Rxb3 a2 32. Qd1 Qa4 33. Rb1 axb1R 34. Qxb1 Qb4 35. Qa1 Bc5 36. Nf3 Ke7 37. Bd2 Ra8 38. Qc1 Qc4 39. Qb1 Ra2 40. Bf1 Qd5 41. Bg2 Rxd2 42. Nxd2 Qxd2 0-1

[Event "Serpukhov-B"]
[Site "Serpukhov"]
[Date "2002.??.??"]
[Round "6"]
[White "Timofeeva, Galina"]
[Black "Agapov, Sergey"]
[Result "0-1"]
[WhiteElo "2152"]
[BlackElo "2254"]
[PlyCount "88"]
[EventDate "2002.??.??"]
[EventType "tourn"]
[EventRounds "13"]
[EventCountry "RUS"]
[SourceTitle "EXT 2003"]
[Source "ChessBase"]
[SourceDate "2002.11.25"]
[SourceVersion "1"]
[SourceVersionDate "2002.11.25"]
[SourceQuality "1"]

1. e4 c5 2. Nf3 Nc6 3. d3 e6 4. g3 d5 5. Nbd2 Nf6 6. Bg2 Be7 7. 0-0 0-0 8. Re1 Qc7 9. e5 Nd7 10. Qe2 b5 11. Nf1 a5 12. Bf4 b4 13. Ne3 Ba6 14. Nxd5 exd5 15. e6 Bd6 16. Bxd6 Qxd6 17. exd7 Qxd7 18. Ne5 Nxe5 19. Qxe5 Rad8 20. Qe7 Qc6 21. c4 bxc3 22. bxc3 Bxd3 23. Qh4 Qb5 24. Re5 d4 25. cxd4 Rxd4 26. Qe7 Rb4 27. Rxc5 Rb1+ 28. Rc1 Rxa1 29. Rxa1 Re8 30. Qc7 Bb1 31. Qc1 Rb8 32. a4 Qf5 33. g4 Qg6 34. h3 h6 35. Qc6 Qd3 36. Qf3 Qc4 37. Bf1 Qc1 38. Ra3 Rc8 39. Rb3 Qe1 40. Rb7 Bg6 41. Qe2 Qa1 42. Qb2 Qxa4 43. Qd2 Qe4 44. Bg2 Qe5 0-1

[Event "Serpukhov-B"]
[Site "Serpukhov"]
[Date "2002.??.??"]
[Round "10"]
[White "Timofeeva, Galina"]
[Black "Kulish, Oksana"]
[Result "1/2-1/2"]
[WhiteElo "2152"]
[BlackElo "2132"]
[PlyCount "35"]
[EventDate "2002.??.??"]
[EventType "tourn"]
[EventRounds "13"]
[EventCountry "RUS"]
[SourceTitle "EXT 2003"]
[Source "ChessBase"]
[SourceDate "2002.11.25"]
[SourceVersion "1"]
[SourceVersionDate "2002.11.25"]
[SourceQuality "1"]

1. e4 e5 2. Nf3 Nc6 3. Nc3 Nf6 4. g3 d5 5. exd5 Nxd5 6. d3 Bb4 7. Bd2 0-0 8. Bg2 Re8 9. Nxd5 Qxd5 10. 0-0 Bxd2 11. Nxd2 Qb5 12. Rb1 Be6 13. a3 Rad8 14. f4 f5 15. fxe5 Nxe5 16. h3 Ng6 17. Kh2 c6 18. Qh5 1/2-1/2